Ley nacional de ejecución penal (Record no. 55550)
[ view plain ]
| 000 -LEADER | |
|---|---|
| fixed length control field | 00657nam a22001817a 4500 |
| 005 - DATE AND TIME OF LATEST TRANSACTION | |
| control field | 20250616121534.0 |
| 008 - FIXED-LENGTH DATA ELEMENTS--GENERAL INFORMATION | |
| fixed length control field | 250310b mx |||||||| |||| 00| 0 spa d |
| 050 04 - LIBRARY OF CONGRESS CALL NUMBER | |
| Classification number | KGF5467.A312016 |
| Item number | M37 2023 |
| 245 10 - TITLE STATEMENT | |
| Title | Ley nacional de ejecución penal |
| Remainder of title | : comentada y correlacionada |
| Statement of responsibility, etc | / Luis Raymundo Massé Moreno coordinador |
| 250 ## - EDITION STATEMENT | |
| Edition statement | 1a ed. |
| 260 ## - PUBLICATION, DISTRIBUTION, ETC. (IMPRINT) | |
| Place of publication, distribution, etc | México : |
| Name of publisher, distributor, etc | Gallardo Ediciones, |
| Date of publication, distribution, etc | 2023 |
| 300 ## - PHYSICAL DESCRIPTION | |
| Extent | 235 p. ; |
| Dimensions | 28 cm. |
| 504 ## - BIBLIOGRAPHY, ETC. NOTE | |
| Bibliography, etc | Bibliografía : p. 183-198 |
| 651 #7 - SUBJECT ADDED ENTRY--GEOGRAPHIC NAME | |
| Source of heading or term | lemb |
| Geographic name | México |
| General subdivision | Ejecución penal |
| -- | Legislación |
| 651 #7 - SUBJECT ADDED ENTRY--GEOGRAPHIC NAME | |
| Source of heading or term | lemb |
| Geographic name | México |
| General subdivision | Derecho penintenciario |
| 700 1# - ADDED ENTRY--PERSONAL NAME | |
| Personal name | Massé Moreno, Luis Raymundo, |
| Relator term | coordinador |
| 942 ## - ADDED ENTRY ELEMENTS (KOHA) | |
| Source of classification or shelving scheme | Biblioteca del Cogreso de los Estados Unidos |
| Koha item type | Libro |
| Estado de pérdida | Fuente de clasificación | Estado del daño | No para préstamo | Ubicación permanente | Ubicación actual | Apartado o colección | Fecha de adquisición | Fuente de adquisición | Edición | Área del conocimiento | Total Checkouts | Clasificación | Código de Barras | Date last seen | Número de copia | Costo por reposición | Tipo de recurso |
|---|---|---|---|---|---|---|---|---|---|---|---|---|---|---|---|---|---|
| Biblioteca del Cogreso de los Estados Unidos | Biblioteca Campus Lázaro Cardenas | Biblioteca Campus Lázaro Cardenas | General | 16/06/2025 | Donación | 1a ed. | Ciencias Sociales y Administrativas | KGF5467.A312016 M37 2023 | BCLC000001978 | 16/06/2025 | 1 | 1.00 | Libro | ||||
| Biblioteca del Cogreso de los Estados Unidos | Biblioteca Campus Lázaro Cardenas | Biblioteca Campus Lázaro Cardenas | General | 16/06/2025 | Donación | 1a ed. | Ciencias Sociales y Administrativas | KGF5467.A312016 M37 2023 | BCLC000001979 | 16/06/2025 | 2 | 1.00 | Libro | ||||
| Biblioteca del Cogreso de los Estados Unidos | Biblioteca Campus Lázaro Cardenas | Biblioteca Campus Lázaro Cardenas | General | 16/06/2025 | Donación | 1a ed. | Ciencias Sociales y Administrativas | KGF5467.A312016 M37 2023 | BCLC000001980 | 16/06/2025 | 3 | 1.00 | Libro | ||||
| Biblioteca del Cogreso de los Estados Unidos | Biblioteca Campus Lázaro Cardenas | Biblioteca Campus Lázaro Cardenas | General | 16/06/2025 | Donación | 1a ed. | Ciencias Sociales y Administrativas | KGF5467.A312016 M37 2023 | BCLC000001981 | 16/06/2025 | 4 | 1.00 | Libro | ||||
| Biblioteca del Cogreso de los Estados Unidos | Biblioteca Campus Lázaro Cardenas | Biblioteca Campus Lázaro Cardenas | General | 16/06/2025 | Donación | 1a ed. | Ciencias Sociales y Administrativas | KGF5467.A312016 M37 2023 | BCLC000001982 | 16/06/2025 | 5 | 1.00 | Libro |